La destrucción de la memoria : arquitectura en guerra /

Bibliographic Details
Main Author: Bevan, Robert, 1865-1925 (Author)
Other Authors: Guinart Palomares, David (Translator)
Format: Electronic eBook
Language:Spanish
English
Published: [Valencia] : La Caja Books, [2019]
Edition:Primera edición.
Series:Caja alta ; 3.
Subjects:
Online Access:Digitalia Hispánica

MARC

LEADER 00000nam a2200000Ii 4500
001 DIGCAJABK0001
003 NyNyDIG
006 m o d
007 cr |||||||||||
008 240722s2019 sp ob 000 0 spa d
035 |a (OCoLC)1449536641 
040 |a DGITA  |b eng  |e rda  |e pn  |c DGITA 
020 |a 9788417496371  |q (epub) 
020 |z 9788417496180 
041 1 |a spa  |h eng 
050 1 4 |a NA2543.W37 ebook 
100 1 |a Bevan, Robert,  |d 1865-1925,  |e author. 
240 1 0 |a Destruction of memory.  |l Spanish  |s (Guinart Palomares) 
245 1 3 |a La destrucción de la memoria :  |b arquitectura en guerra /  |c Robert Bevan ; traducción de David Guinart Palomares. 
250 |a Primera edición. 
264 1 |a [Valencia] :  |b La Caja Books,  |c [2019] 
300 |a 1 online resource. 
336 |a text  |b txt  |2 rdacontent 
337 |a computer  |b c  |2 rdamedia 
338 |a online resource  |b cr  |2 rdacarrier 
347 |a text file  |2 rdaft 
347 |b EPUB 
490 1 |a Caja alta 
504 |a Includes bibliographical references. 
588 0 |a Online resource; title from ePub title page (Digitalia, viewed July 22, 2024) 
650 0 |a Buildings  |x War damage. 
650 0 |a Architecture and war. 
650 0 |a War and society. 
650 0 |a Culture conflict. 
650 0 |a Historic buildings. 
700 1 |a Guinart Palomares, David,  |e translator. 
700 1 |i Translation of:  |a Bevan, Robert,  |d 1865-1925.  |t Destruction of memory. 
791 2 |a Digitalia (Firm),  |e distributor. 
793 0 |g Digitalia eBook Collection:  |a La Caja Books 
776 0 8 |i Print version:  |a Bevan, Robert, 1865-1925.  |s Destruction of memory. Spanish (Guinart Palomares).  |t Destrucción de la memoria.  |b Primera edición.  |d [Valencia] : La Caja Books, [2019]  |z 9788417496180 
830 0 |a Caja alta ;  |v 3. 
856 4 0 |3 Digitalia Hispánica  |u https://www.digitaliapublishing.com/a/99618/ 
910 |a Premium collection: 2024